000
00196 a2200097 4500
001
19857
100
_a
Zikrya
245
_a
Riaz-ul-Salaheen
260
_a
_b
M Saeed & Co
_c
090
_c
14479
_d
14479
942
_a
NUST-CAE
_c
M
_c
4979
999
_c
254930
_d
254930